| 000 | 00535nam a22001577a 4500 | ||
|---|---|---|---|
| 003 | SISC | ||
| 005 | 20170605145429.0 | ||
| 008 | 170605b xxu||||| |||| 00| 0 eng d | ||
| 020 | _a9786214060238 | ||
| 050 |
_aJQ 1431 _b.R585 2015 |
||
| 100 | _aRiodique, Francisco C. III | ||
| 245 |
_aIntroduction to Philippine government & politics : _bwith basic constitutional principles / _cFrancisco C. Riodique III, Gil D. Ramos. |
||
| 260 |
_aManila : _bMindshapers Co., Inc., _c2015. |
||
| 300 |
_axiv, 458 pages ; _c22 cm. |
||
| 942 |
_2lcc _cBK |
||
| 999 |
_c335199 _d335199 |
||